000 00703nam a2200241Ia 4500
003 OSt
005 20220930070239.0
006 a|||||r|||| 00| 0
007 ta
008 220926b |||||||| |||| 00| 0 hin d
024 _a6740
037 _cTheses
040 _aCRL
_cCRL
_bhin
041 _2hin
_ahin
100 _aSharma Mohanlal
_9526933
110 _aUniversity of Delhi. Faculty of Arts. Department of Modern Indian Languages
245 0 _aSindhi kavita me sufi mat
260 _c1973
650 _aMODERN EUROPEAN LANGUAGES
700 _aUniversity of Delhi. Faculty of Arts. Department of Modern Indian Languages
942 _cDIS
_2CC
999 _c860661
_d860661